000 00440nam a22001817a 4500
005 20180205101421.0
008 160520b xxu||||| |||| 00| 0 eng d
020 _a978-1-25-900461-2
041 _aeng
082 _b3356
_a005.133
100 _aBalagurusamy E.
_9165
245 _aProgramming in ANSI C
250 _a6th ed.
260 _aNew Delhi
_bTMH,
_c2012
300 _a558
650 _aInformation Technology
_9137
942 _cBK
999 _c1152
_d1152